If that breathes fire, we're toast! / (Record no. 1186)

MARC details
000 -LEADER
fixed length control field 01043cam a2200277 a 4500
005 - DATE AND TIME OF LATEST TRANSACTION
control field 20231204104421.0
020 ## - INTERNATIONAL STANDARD BOOK NUMBER
International Standard Book Number 9780439174824
040 ## - CATALOGING SOURCE
Original cataloging agency DLC
Transcribing agency DLC
Modifying agency DLC
Language of cataloging eng
050 00 - LIBRARY OF CONGRESS CALL NUMBER
Classification number PZ7.S84895
Item number If 1999
082 00 - DEWEY DECIMAL CLASSIFICATION NUMBER
Classification number 813.54
Edition number 21
100 1# - MAIN ENTRY--PERSONAL NAME
Personal name Stewart, Jennifer J.
245 10 - TITLE STATEMENT
Title If that breathes fire, we're toast! /
Statement of responsibility, etc. Jennifer J. Stewart.
250 ## - EDITION STATEMENT
Edition statement First Scholastic printing, November 2000
260 ## - PUBLICATION, DISTRIBUTION, ETC.
Place of publication, distribution, etc. New York :
Name of publisher, distributor, etc. Scholastic,
Date of publication, distribution, etc. 1999
300 ## - PHYSICAL DESCRIPTION
Extent 118 pages :
Dimensions 20 cm
Other physical details illustrations ;
505 ## - FORMATTED CONTENTS NOTE
Formatted contents note R
520 ## - SUMMARY, ETC.
Summary, etc. When eleven-year-old Rick and his mother move from San Diego to Tucson he is not too happy about the change, but when they get a fire-breathing, time-traveling dragon to replace their broken furnace, his new life starts to get more interesting.
521 ## - TARGET AUDIENCE NOTE
Target audience note 680 <br/>
Source Lexile <br/>
521 ## - TARGET AUDIENCE NOTE
Target audience note R <br/>
Source Raz-Plus <br/>
650 #1 - SUBJECT ADDED ENTRY--TOPICAL TERM
Topical term or geographic name entry element Dragons
General subdivision Fiction.
650 #1 - SUBJECT ADDED ENTRY--TOPICAL TERM
Topical term or geographic name entry element Time travel
General subdivision Fiction.
650 #1 - SUBJECT ADDED ENTRY--TOPICAL TERM
Topical term or geographic name entry element Moving, Household
General subdivision Fiction.
906 ## - LOCAL DATA ELEMENT F, LDF (RLIN)
a 7
b cbc
c orignew
d 1
e ocip
f 19
g y-gencatlg
942 ## - ADDED ENTRY ELEMENTS (KOHA)
Source of classification or shelving scheme Dewey Decimal Classification
Koha item type Books
Suppress in OPAC No
999 ## -
-- 1186
-- 1186
Holdings
Withdrawn status Lost status Source of classification or shelving scheme Damaged status Not for loan Collection Home library Current library Shelving location Date acquired Total Checkouts Full call number Barcode Date last seen Date last checked out Price effective from Koha item type
    Dewey Decimal Classification     Juvenile Fiction Footprints International School Library Network Toul Kork Campus Footprints International School Library Network Toul Kork Campus   08/07/2023 2 JEN 813.54 PZ7.S84895 FISBK05221 05/07/2025 12/12/2023 08/07/2023 Books